Strategické souvislosti společných podniků.

Vnútorné a vonkajšie diverzifikačné sily pôsobiace na podnik. Psychologický faktor, vertikálna integrácia, snaha zmeniť nákladovú oblasť za ziskovú. Vonkajšie tlaky: dodávateľské, odberateľské odbytové tlaky, technologická rozvetvenosť doterajšej výroby, pôsobenie daňového systému. Zjednotenie podni...

ver descrição completa

Na minha lista:
Detalhes bibliográficos
Autor principal: Čakrt, M.
Formato: Capítulo de Livro
Idioma:tcheco
Assuntos:
Tags: Adicionar Tag
Sem tags, seja o primeiro a adicionar uma tag!

MARC

LEADER 00000naa a2200000 4500
001 r004153
005 20221125080538.6
041 0 |a cze 
044 |a [CS] 
245 1 0 |a Strategické souvislosti společných podniků.  |c M. Čakrt 
520 |a Vnútorné a vonkajšie diverzifikačné sily pôsobiace na podnik. Psychologický faktor, vertikálna integrácia, snaha zmeniť nákladovú oblasť za ziskovú. Vonkajšie tlaky: dodávateľské, odberateľské odbytové tlaky, technologická rozvetvenosť doterajšej výroby, pôsobenie daňového systému. Zjednotenie podnikov na báze trhu alebo technológie. 
610 2 0 |a stratégia podniková 
610 2 0 |a podnik spoločný 
610 2 0 |a hospodárstvo trhové 
610 2 0 |a mechanizmus trhový 
610 2 0 |a riadenie podnikové 
100 1 |a Čakrt, M.